000 01189nam a22003257a 4500
003 EG-GICUC
005 20260212085956.0
008 260212s2001 ua ||||fr|||| 00| 0 ara d
017 _a2001/3840
040 _a EG-GICUC
_bara
_c EG-GICUC
_d EG-GICUC
_erda
041 _aara
082 0 4 _a343.3912
_bم ح . ع
_221
092 0 4 _221
099 _aLaw1 10 343.3912 م ح . ع 2001 1005961
100 0 _aمحمود أحمد طه
_eمؤلف.
245 1 0 _aعبء إثبات الأحوال الأصلح للمتهم /
_nمحمود أحمد طه
264 _aالقاهرة :
_bدار النهضة العربية،
_c2001.
300 _a123 صفحة;
_c24 سم
_bإيضاحيات، صور، مثيليات ؛
336 _2rda content
_atext
337 _2rda media
_aComputer
338 _2rda carrier
_aOnline Resource
504 _aيشتمل على ارجاعات ببليوجرافية.
546 _aالنص باللغة العربية
650 1 _aعبء الإثبات الجنائي.
_2qrmak
650 1 _aقانون جنائي
_2qrmak
651 1 _2qrmak
856 4 0 _uhttps://fll.law.cu.edu.eg/fulltext/bks/B10-05961.pdf
905 _a18
942 _2ddc
_cBK
_e21
_n0
999 _c62739
_d62739